| 000 | 01044nam0a2200301 4500 | ||
|---|---|---|---|
| 001 | RU\NLR\bibl\81294 | ||
| 005 | 20260406042516.0 | ||
| 010 |
_a5-7842-0087-9 _98000 |
||
| 021 |
_aRU _b2000-535 _928 |
||
| 035 | _a(NLR Aleph) 000079376 | ||
| 090 |
_a441322 _c441322 |
||
| 100 | _a20000419d1999 |||y0rusy50 ca | ||
| 101 | 0 | _arus | |
| 102 | _aRU | ||
| 105 | _aa ||||||||| | ||
| 200 | 1 |
_aА у нас живут шуршалки _e[Для детей дошк. возраста _fИрина Новикова _gХудож. Г. Андреев] |
|
| 210 |
_aМ. _cЛитература _cТест-Сэмпл _d1999 |
||
| 215 |
_a[10] с. _cцв. ил. _d26 |
||
| 225 | 1 | _aОжившие сказки | |
| 686 | _aШ9(2)60=Р7-5 | ||
| 700 | 1 |
_4070 _8rus _7ca _aНовикова _bИ. А. _cдет. писатель _gИрина Анатольевна _3RU\NLR\auth\772724 _9112732 |
|
| 801 | 0 |
_aRU _bNLR _c20000419 _gPSBO |
|
| 801 | 1 |
_aRU _bNLR _c20000419 |
|
| 852 |
_aNLR _j2000-7/245 |
||
| 942 | _cBOOK | ||
| 980 | _aNB | ||